| 000 | 00352nam a2200145Ia 4500 | ||
|---|---|---|---|
| 008 | 230917s9999||||xx |||||||||||||| ||und|| | ||
| 040 |
_e154747 _aMAIN |
||
| 041 | _aEnglish | ||
| 082 | _a181.4 S84D:S | ||
| 100 | _aSastri-Gaurinath | ||
| 245 | 0 | _aSatvata-samhita | |
| 260 |
_aVaranasi _bLaxmi Narayana Tiwari _c1982 |
||
| 300 | _a696p p. | ||
| 942 | _cBK | ||
| 999 |
_c37423 _d37423 |
||